| 000 | 00631nam a2200229Ia 4500 | ||
|---|---|---|---|
| 001 | dia_2149 | ||
| 003 | CHAP | ||
| 005 | 20230313110511.0 | ||
| 008 | 220117s1979 xx 000 0 und d | ||
| 010 | _a172691 | ||
| 040 | _cCHAP | ||
| 082 | _a637.124 L4 | ||
| 100 |
_aLesser, Alberto R. _966354 |
||
| 245 |
_aInstalaciones y Equipo de Ordeño / _c por Alberto R. Lesser |
||
| 260 |
_aArgentina : _b Hemisferio Sur, _c1979 |
||
| 300 | _a318 p. | ||
| 650 |
_a1.Ganado _xordeño _9152333 |
||
| 901 | _a637.124 L4 | ||
| 902 | _aM | ||
| 905 | _a0000001979 AG A 0000000000SPA00 | ||
| 942 |
_cLIBRO _2ddc |
||
| 999 |
_c172691 _d172691 |
||